Back to the centre: lessons from abroad (Record no. 60731)
[ view plain ]
| 000 -LEADER | |
|---|---|
| fixed length control field | 00731cam a2200193 4500 |
| 001 - CONTROL NUMBER | |
| control field | ABS61045 |
| 008 - FIXED-LENGTH DATA ELEMENTS--GENERAL INFORMATION | |
| fixed length control field | 000000n1999 000 0 eng u |
| 035 ## - SYSTEM CONTROL NUMBER | |
| System control number | (Sirsi) u101599 |
| 100 ## - MAIN ENTRY--PERSONAL NAME | |
| Personal name | Brown, S. |
| 245 ## - TITLE STATEMENT | |
| Title | Back to the centre: lessons from abroad |
| 260 ## - PUBLICATION, DISTRIBUTION, ETC. | |
| Date of publication, distribution, etc. | 1999 |
| 490 ## - SERIES STATEMENT | |
| Series statement | CSM |
| -- | Chartered Surveyor Monthly |
| Volume/sequential designation | 8(11/12) July/August 1999, 38-39(2) |
| 520 ## - SUMMARY, ETC. | |
| Summary, etc. | Reports on projects in New Zealand and South Korea aimed at sustaining town centres and promoting inner-city living. Suggests that the UK could incorporate the lessons of these experiences into practice and policy. |
| 650 ## - SUBJECT ADDED ENTRY--TOPICAL TERM | |
| Topical term or geographic name entry element | NEW ZEALAND |
| 650 ## - SUBJECT ADDED ENTRY--TOPICAL TERM | |
| Topical term or geographic name entry element | REPUBLIC OF KOREA |
| 650 ## - SUBJECT ADDED ENTRY--TOPICAL TERM | |
| Topical term or geographic name entry element | SUSTAINABLE DEVELOPMENT |
| 690 ## - LOCAL SUBJECT ADDED ENTRY--TOPICAL TERM (OCLC, RLIN) | |
| Topical term or geographic name as entry element | URBAN RENEWAL |
| 942 ## - ADDED ENTRY ELEMENTS (KOHA) | |
| Suppress in OPAC | 0 |
| Withdrawn status | Lost status | Source of classification or shelving scheme | Damaged status | Not for loan | Home library | Current library | Shelving location | Date acquired | Total Checkouts | Full call number | Barcode | Date last seen | Copy number | Price effective from | Koha item type |
|---|---|---|---|---|---|---|---|---|---|---|---|---|---|---|---|
| Dewey Decimal Classification | London | London | Journal article | 05/11/1999 | ABS61045 | 101599-1001 | 06/08/2019 | 1 | 06/08/2019 | Journal article |